| 000 | 00000nam##2200000za#4500 |
| 001 | 9.576439 |
| 003 | CaOODSP |
| 005 | 20210624185135 |
| 007 | cr ||||||||||| |
| 008 | 150406|1984||||xxc|||||o f|0| 0 eng|d |
| 040 | |aCaOODSP|beng |
| 043 | |an-cn--- |
| 086 | 1 |aFs97-13/409E-PDF |
| 110 | 1 |aCanada. |bDepartment of Fisheries and Oceans. |
| 245 | 10|aSEP new projects unit water quality data collected 1979-1984 / |h[electronic resource]|cby D.O. MacKinlay. |
| 260 | |aWest Vancouver - British Columbia : |bFisheries and Oceans Canada |c1983. |
| 300 | |a198p.|breferences, tables |
| 490 | 1 |aCanadian data report of fisheries and aquatic sciences|vNo. 409 |
| 500 | |aOn t.p.: Salmonid Enhancement Program. Vancouver, British Columbia. Catalogue number of the print edition appears in the PDF version. |
| 546 | |a(Résumé en français) |
| 590 | |a13-13-Supp|b2013-05-21 |
| 720 | 1 |aMacKinlay, D. O. |
| 830 | #0|aCanadian data report of fisheries and aquatic sciences ;|vNo. 409|w(CaOODSP)9.505124 |
| 856 | 40|ahttp://publications.gc.ca|qPDF|s2832 KB|uhttps://publications.gc.ca/collections/collection_2013/mpo-dfo/Fs97-13-409-eng.pdf|yNo. 409 |